Coaches of the Carlton Blues - Statistics

General Stats
  • This quiz has been taken 23 times
    14 since last reset
  • The average score is 8 of 35
Answer Stats
Years Coach % Correct
2022- Michael Voss
100%
2016-2019 Brendon Bolton
92%
2007-2012 Brett Ratten
92%
2019-2021 David Teague
92%
2013-2015 Mick Malthouse
92%
1981-2000 David Parkin
62%
1965-1971 Ron Barassi
62%
2003-2007 Denis Pagan
46%
1986-1989 Robert Walls
38%
2015 John Barker
31%
1972-1975 John Nicholls
31%
1980 Peter Jones
23%
1978 Sergio Silvagni
15%
2001-2002 Wayne Brittain
15%
1909-1911 Fred Elliot
8%
1978 Ian Stewart
8%
1976-1977 Ian Thorogood
8%
1959-1964 Ken Hands
8%
1978-1990 Alex Jesulenko
0%
1938-1940 Brighton Diggins
0%
1929-1934 Dan Minouge
0%
1935-1936 Frank Maher
0%
1922-1927 Horrie Clover
0%
1913 Jack Wells
0%
1902-1909 Jack Worrall
0%
1925 Jim Caldwell
0%
1956-1958 Jim Francis
0%
1972-1975 Keith McKenzie
0%
1912-1922 Norman Clark
0%
1925 Paddy O'Brien
0%
1941-1955 Perce Bentley
0%
1924 Percy Parratt
0%
1937 Percy Rowe
0%
1926-1928 Ray Brew
0%
1919 Viv Valentine
0%
No matching quizzes found
Score Distribution
Percent of People with Each Score
Percentile by Number Answered
Your Score History
You have not taken this quiz since the last reset